{"text_format":"1","workbook":"xlsx","n_sheets":1,"sheets":["Sheet1"],"not_rendered":{"charts":0,"images":0,"macros":1,"external_links":0,"defined_names":1,"comments":0,"pivot_tables":0},"unopened":[],"bounds":{"document_bytes":16777216,"sheet_cells":100000,"rows_first":2000,"rows_last":500,"rows_between":2000,"halvings":0,"cell_chars":16384,"cell_head_chars":4096},"cells_cut":0,"cells_raw":0,"read":"whole","date_system":"1900"}

{"sheet":"Sheet1","index":0,"n_rows":156,"n_cols":33,"rows_kept":156,"cut":false,"hidden":false,"merged":[]}
["Order Validity ","Ord Status","LN SO#","Pos","Proj No","Committed","Machine #","Client Name","Project Name","Item Description ","System/PO","DIA1","DIA2","Ends","System","Pressure ","Order Qty","Pro Qty","Bal Qty","Transfer Qty","Rate/shift [pcs]","# of Shifts","Total Rate [pcs/day]","Duratin Numeric","Duration","Start","Finish",null,"Sum of\nduration","Start\nDate","End\nDate","Days","Weekend\nDays"]
[null,null,null,null,null,null,"Rotating Machine 1 (3 Shift)","Rotating Machine 1 (3 Shift)","ELBOWS (25Ø-125Ø) - ",null,null,null,null,null,null,null,null,null,null,null,null,null,null,null,"327.96 days","2025-03-25"]
[null,null,null,null,null,null,null,null,null,null,null,null,null,null,null,null,764,132,632,93,3.62,3,6,86.83,"86.83 days","Wed 29/01/25","Fri 09/05/25"]
[null,"CA",null,null,"40M001333",null,"Rotating Machine 1 ",null,"Linde - Wesseling_14","Elb 80R1.5/90 EST32  TBTB",null,null,null,null,null,null,150,111,{"$f":"Q4-R4","v":39},0,3,3,{"$f":"U4*V4","v":9},{"$f":"S4/W4","v":4.333333333333333},"4.83 days",{"$f":"Z2","v":"2025-03-25"},{"$f":"Z4+X4","v":"2025-03-29T08:00:00"},null,{"$f":"SUM(X$4:X4)","v":4.333333333333333},{"$f":"Z2","v":"2025-03-25"},{"$f":"getEndDate(Z$2,AC4,6,2)","v":"2025-03-31T08:00:00"},{"$f":"AE4-AD4","v":6.3333333333357587},{"$f":"AF4-X4","v":2.0000000000024256}]
[null,"CA",null,null,"40P000358",null,"Rotating Machine 1 ",null,"B107/2 Vessel","Elb 100R1.5/30 EMT50/16  CBCB",null,null,null,null,null,null,7,0,7,0,1,3,3,2.3333333333333335,"4.83 days",{"$f":"AA4","v":"2025-03-29T08:00:00"},{"$f":"Z5+X5","v":"2025-03-31T16:00:00"},null,{"$f":"SUM(X$4:X5)","v":6.6666666666666661},{"$f":"AE4","v":"2025-03-31T08:00:00"},{"$f":"getEndDate(Z$2,AC5,6,2)","v":"2025-04-02T16:00:00"},{"$f":"AE5-AD5","v":2.3333333333284827},{"$f":"AF5-X5","v":-4.850786439192234E-12}]
[null,"CA",null,null,"40P000358",null,"Rotating Machine 1 ",null,"B107/2 Vessel","Elb 100R1.5/45 EMT50/16  CBCB",null,null,null,null,null,null,10,0,10,0,1,3,3,3.3333333333333335,"4.83 days","2025-03-31T16:00:00",{"$f":"Z6+X6","v":"2025-04-04"},null,{"$f":"SUM(X$4:X6)","v":10},{"$f":"AE5","v":"2025-04-02T16:00:00"},"2025-04-07",4.3333333333357587,1.0000000000024252]
[null,"CA",null,null,"40P000358",null,"Rotating Machine 1 ",null,"B107/2 Vessel","Elb 65R1.5/90 EMT50/16  CBCB",null,null,null,null,null,null,1,0,1,0,1,3,3,0.33333333333333331,"4.83 days","2025-04-04",{"$f":"Z7+X7","v":"2025-04-04T08:00:00"},null,{"$f":"SUM(X$4:X7)","v":10.333333333333334},"2025-04-07","2025-04-07T08:00:00",0.33333333333575865,2.4253377084448857E-12]
[null,"CA",null,null,"40P000356",null,"Rotating Machine 1 ",null,"B107/1Vessel","Elb 100R1.5/30 EMT50/16  CBCB",null,null,null,null,null,null,7,0,7,0,1,3,3,2.3333333333333335,"4.83 days","2025-04-04T08:00:00",{"$f":"Z8+X8","v":"2025-04-06T16:00:00"},null,{"$f":"SUM(X$4:X8)","v":12.666666666666668},"2025-04-07T08:00:00","2025-04-10T16:00:00",3.3333333333284827,0.99999999999514921]
[null,"CA",null,null,"40P000356",null,"Rotating Machine 1 ",null,"B107/1Vessel","Elb 100R1.5/45 EMT50/16  CBCB",null,null,null,null,null,null,10,0,10,0,1,3,3,3.3333333333333335,"4.83 days","2025-04-06T16:00:00",{"$f":"Z9+X9","v":"2025-04-10"},null,{"$f":"SUM(X$4:X9)","v":16},"2025-04-10T16:00:00","2025-04-14",3.3333333333357587,2.4251711749911919E-12]
[null,"CA",null,null,"40P000356",null,"Rotating Machine 1 ",null,"B107/1Vessel","Elb 100R1.5/90 EMT50/16  CBCB",null,null,null,null,null,null,14,0,14,0,2,3,6,2.3333333333333335,"4.83 days","2025-04-10",{"$f":"Z10+X10","v":"2025-04-12T08:00:00"},null,{"$f":"SUM(X$4:X10)","v":18.333333333333332},"2025-04-14","2025-04-18T08:00:00",4.3333333333357587,2.0000000000024252]
[null,"CA",null,null,"40P000304",null,"Rotating Machine 1 ",null,"6331","Elb 125R1.5/15 EST25  CBCB",null,null,null,null,null,null,1,0,1,0,1,3,3,0.33333333333333331,"4.83 days","2025-04-12T08:00:00",{"$f":"Z11+X11","v":"2025-04-12T16:00:00"},null,{"$f":"SUM(X$4:X11)","v":18.666666666666664},"2025-04-18T08:00:00","2025-04-18T16:00:00",0.33333333332848269,-4.8506199057385402E-12]
[null,"CH",null,null,"16P000744",null,"Rotating Machine 1 ",null,"Ohaji South Project","Elbow 100R1.5/90° (Molded) EST25 Bar  TBTB",null,null,null,null,null,null,35,0,{"$f":"Q12-R12","v":35},0,2,3,{"$f":"U12*V12","v":6},{"$f":"S12/W12","v":5.833333333333333},"4.83 days","2025-04-12T16:00:00",{"$f":"Z12+X12","v":"2025-04-18T12:00:00"},null,{"$f":"SUM(X$4:X12)","v":24.499999999999996},"2025-04-18T16:00:00","2025-04-25T12:00:00",6.8333333333357587,1.0000000000024256]
[null,"CH",null,null,"16P000744",null,"Rotating Machine 1 ",null,"Ohaji South Project","Elbow 50R1.5/90° (Molded) EST40 Bar  TBTB",null,null,null,null,null,null,18,0,{"$f":"Q13-R13","v":18},0,2,3,{"$f":"U13*V13","v":6},{"$f":"S13/W13","v":3},"4.83 days","2025-04-18T12:00:00",{"$f":"Z13+X13","v":"2025-04-21T12:00:00"},null,{"$f":"SUM(X$4:X13)","v":27.499999999999996},"2025-04-25T12:00:00","2025-04-29T12:00:00",4,1]
[null,"CH",null,null,"16P000744",null,"Rotating Machine 1 ",null,"Ohaji South Project","Elbow 80R1.5/90° (Molded) EST32 Bar  TBTB",null,null,null,null,null,null,25,0,25,0,2,3,{"$f":"U14*V14","v":6},{"$f":"S14/W14","v":4.166666666666667},"4.83 days","2025-04-21T12:00:00",{"$f":"Z14+X14","v":"2025-04-25T16:00:00"},null,{"$f":"SUM(X$4:X14)","v":31.666666666666664},"2025-04-29T12:00:00","2025-05-04T16:00:00",5.1666666666642413,0.99999999999757438]
[null,"CH",null,null,"16P000744",null,"Rotating Machine 1 ",null,"Ohaji South Project","Elbow 25R1.5/90° (Molded) EST50 Bar  TBTB",null,null,null,null,null,null,6,0,6,0,2,3,6,1,"4.83 days","2025-04-25T16:00:00",{"$f":"Z15+X15","v":"2025-04-26T16:00:00"},null,{"$f":"SUM(X$4:X15)","v":32.666666666666664},"2025-05-04T16:00:00","2025-05-06T16:00:00",2,1]
[null,"CH",null,null,"16P000744",null,"Rotating Machine 1 ",null,"Ohaji South Project","Elbow 100R1.5/45° (Molded) EST25 Bar  TBTB",null,null,null,null,null,null,2,0,2,0,2,3,6,0.33333333333333331,"4.83 days","2025-04-26T16:00:00",{"$f":"Z16+X16","v":"2025-04-27"},null,{"$f":"SUM(X$4:X16)","v":33},"2025-05-06T16:00:00","2025-05-07",0.33333333333575865,2.4253377084448857E-12]
[null,"CH",null,null,"16P000641",null,"Rotating Machine 1 ",null,"Supply &install GRE Connection","Elbow 100R1.5/90° (Molded) EST25 Bar  TBTB",null,null,null,null,null,null,2,0,2,0,2,3,6,0.33333333333333331,"4.83 days","2025-04-27",{"$f":"Z17+X17","v":"2025-04-27T08:00:00"},null,{"$f":"SUM(X$4:X17)","v":33.333333333333336},"2025-05-07","2025-05-07T08:00:00",0.33333333333575865,2.4253377084448857E-12]
[null,"CH",null,null,"16P000882",null,"Rotating Machine 1 ",null,"GPC Alhamd Station","Elb 80R1.5/45 EST32  TBTB",null,null,null,null,null,null,4,0,4,0,2,3,6,0.66666666666666663,"4.83 days","2025-04-27T08:00:00",{"$f":"Z18+X18","v":"2025-04-28"},null,{"$f":"SUM(X$4:X18)","v":34},"2025-05-07T08:00:00","2025-05-08",0.66666666666424135,-2.4252821972936545E-12]
[null,"CH",null,null,"16P000882",null,"Rotating Machine 1 ",null,"GPC Alhamd Station","Elb 100R1.5/90 EST25  TBTB",null,null,null,null,null,null,7,0,7,0,2,3,6,1.1666666666666667,"4.83 days","2025-04-28",{"$f":"Z19+X19","v":"2025-04-29T04:00:00"},null,{"$f":"SUM(X$4:X19)","v":35.166666666666664},"2025-05-08","2025-05-09T04:00:00",1.1666666666642413,-2.425393219596117E-12]
[null,"CH",null,null,"16P000882",null,"Rotating Machine 1 ",null,"GPC Alhamd Station","Elb 80R1.5/90 EST32  TBTB",null,null,null,null,null,null,38,0,38,0,2,3,6,6.333333333333333,"4.83 days","2025-04-29T04:00:00",{"$f":"Z20+X20","v":"2025-05-05T12:00:00"},null,{"$f":"SUM(X$4:X20)","v":41.5},"2025-05-09T04:00:00","2025-05-17T12:00:00",8.3333333333357587,2.0000000000024256]
[null,"CH",null,null,"16P000882",null,"Rotating Machine 1 ",null,"GPC Alhamd Station","Elb 50R1.5/90 EST40  TBTB",null,null,null,null,null,null,24,0,24,0,2,3,6,4,"4.83 days","2025-05-05T12:00:00",{"$f":"Z21+X21","v":"2025-05-09T12:00:00"},null,{"$f":"SUM(X$4:X21)","v":45.5},"2025-05-17T12:00:00","2025-05-22T12:00:00",5,1]
[null,null,null,null,null,null,null,null,null,null,null,219.39,0,null,null,null,{"$f":"SUM(Q4:Q21)","v":361},{"$f":"SUM(R4:R21)","v":111},{"$f":"SUM(S4:S21)","v":250},{"$f":"SUM(T4:T21)","v":0},null,null,null,{"$f":"SUM(X4:X21)","v":45.5},"219.35 days",{"$f":"Z2","v":"2025-03-25"},{"$f":"Z22+X22","v":"2025-05-09T12:00:00"},null,null,null,null,{"$f":"SUM(AF4:AF21)","v":58.5},{"$f":"SUM(AG4:AG21)","v":13}]
[null,null,null,null,null,null,"Rotating Machine 2 (3 Shift)","Rotating Machine 1 (3 Shift)","Couplers - Reducers  (25Ø-900Ø) - "]
[]
[null,"CA",null,null,"40M001333",null,"Rotating Machine 2",null,"Linde - Wesseling_14","RedEcc 80x50 EST32  TBTB",null,null,null,null,null,null,10,9,1,null,1,3,{"$f":"U25*V25","v":3},{"$f":"S25/W25","v":0.33333333333333331},"5 days",{"$f":"Z2","v":"2025-03-25"},{"$f":"Z25+X25","v":"2025-03-25T08:00:00"}]
[null,"CA",null,null,"40M001333",null,"Rotating Machine 2",null,"Linde - Wesseling_14","RedEcc 300x200 EST16  TBTB",null,null,null,null,null,null,30,28,2,null,1,3,3,0.66666666666666663,"5 days",{"$f":"AA25","v":"2025-03-25T08:00:00"},{"$f":"Z26+X26","v":"2025-03-26"}]
[null,"CA",null,null,"40P000351",null,"Rotating Machine 2",null,"Chantiers E35","Coupler 65 EMT50/16  CBCB",null,null,null,null,null,null,2,0,2,null,1,3,3,0.66666666666666663,"5 days",{"$f":"AA26","v":"2025-03-26"},{"$f":"Z27+X27","v":"2025-03-26T16:00:00"}]
[null,"CA",null,null,"40P000351",null,"Rotating Machine 2",null,"Chantiers E35","Coupler 150 EMT50/16  CBCB",null,null,null,null,null,null,3,0,3,null,1,3,3,1,"5 days","2025-03-26T16:00:00",{"$f":"Z28+X28","v":"2025-03-27T16:00:00"}]
[null,"CA",null,null,"40P000351",null,"Rotating Machine 2",null,"Chantiers E35","Coupler 200 EMT20/10  CBCB",null,null,null,null,null,null,1,0,1,null,1,3,3,0.33333333333333331,"5 days","2025-03-27T16:00:00",{"$f":"Z29+X29","v":"2025-03-28"}]
["GEI","CH","01R016072",38,"16P000744","2025-02-15","Rotating Machine 2",null,"Ohaji South Project","Concentric Reducer 100x50 EST25 Bar  TBTB","D65023436",null,null,null,null,null,1,0,1,0,1,3,{"$f":"U30*V30","v":3},0.33333333333333331,"0.25 days","2025-03-28",{"$f":"Z30+X30","v":"2025-03-28T08:00:00"}]
["AUH","CH","01E012284",11,"16P000744","2025-02-20","Rotating Machine 2",null,"Ohaji South Project","Concentric Reducer 100x80 EST25 Bar  TBTB","D65023406",null,null,null,null,null,1,0,1,0,1,3,3,0.33333333333333331,"0.5 days","2025-03-28T08:00:00",{"$f":"Z31+X31","v":"2025-03-28T16:00:00"}]
["GEI","CH","01R015959",16,"16P000882","2025-03-10","Rotating Machine 2",null,"GPC Alhamd Station","RedCon 100x50 EST25  TBTB","D65023354",null,null,null,null,null,4,0,4,0,1,3,3,1.3333333333333333,"5 days","2025-03-28T16:00:00",{"$f":"Z32+X32","v":"2025-03-30"}]
["KSA","CH","01E012280",3,"16P000882","2025-03-10","Rotating Machine 2",null,"GPC Alhamd Station","RedCon 100x80 EST25  TBTB",null,null,null,null,null,null,2,0,2,0,1,3,3,0.66666666666666663,"3 days","2025-03-30",{"$f":"Z33+X33","v":"2025-03-30T16:00:00"}]
["GEI","CH","01R015959",16,"16P000882","2025-03-15","Rotating Machine 2",null,"GPC Alhamd Station","Coupler 50 EST40  TBTB",null,null,null,null,null,null,7,0,7,0,1,3,3,2.3333333333333335,"5 days","2025-03-30T16:00:00",{"$f":"Z34+X34","v":"2025-04-02"}]
["GEI","CH","01R015959",16,"16P000882","2025-03-20","Rotating Machine 2",null,"GPC Alhamd Station","Coupler 50 EST40  TBTB",null,null,null,null,null,null,6,0,6,0,1,3,3,2,"5 days","2025-04-02",{"$f":"Z35+X35","v":"2025-04-04"}]
["GEI","CH","01R015959",16,"16P000882","2025-03-25","Rotating Machine 2",null,"GPC Alhamd Station","Coupler 50 EST40  TBTB",null,null,null,null,null,null,4,0,4,0,1,3,3,1.3333333333333333,"2.5 days","2025-04-04",{"$f":"Z36+X36","v":"2025-04-05T08:00:00"}]
["KSA","CH","01E012280",3,"16P000882","2025-03-20","Rotating Machine 2",null,"GPC Alhamd Station","Coupler 50 EST40  TBTB",null,null,null,null,null,null,2,0,2,0,1,3,3,0.66666666666666663,"3.13 days","2025-04-05T08:00:00",{"$f":"Z37+X37","v":"2025-04-06"}]
["GEI","CH","01R016110",39,"16P000882","5-Mar -15April","Rotating Machine 2",null,"Produced Water Treatment","Coupler 80 EST32  TBTB",null,null,null,null,null,null,2,0,2,0,1,3,3,0.66666666666666663,"1.25 days","2025-04-06",{"$f":"Z38+X38","v":"2025-04-06T16:00:00"}]
["GEI","CH","01R016110",40,"16P000882","5-Mar -15April","Rotating Machine 2",null,"GPC Alhamd Station","Coupler 100 EST25  TBTB",null,null,null,null,null,null,2,0,2,0,1,3,3,0.66666666666666663,"0.25 days","2025-04-06T16:00:00",{"$f":"Z39+X39","v":"2025-04-07T08:00:00"}]
["GEI","CH","01R016110",41,"16P000882","5-Mar -15April","Rotating Machine 2",null,"Produced Water Treatment","Coupler 25 EST50  TBTB",null,null,null,null,null,null,20,0,20,0,1,3,3,6.666666666666667,"0.75 days","2025-04-07T08:00:00",{"$f":"Z40+X40","v":"2025-04-14"}]
["2025-01-30","CH",null,null,"16P000882","2025-03-15","Rotating Machine 2",null,"Produced Water Treatment","Coupler 25 EST50  TBTB",null,null,null,null,null,null,10,0,10,0,1,3,3,3.3333333333333335,"25 days","2025-04-14",{"$f":"Z41+X41","v":"2025-04-17T08:00:00"}]
["2025-02-15","CH",null,null,"16P000882","2025-04-30","Rotating Machine 2",null,"Produced Water Treatment","Coupler 25 EST50  TBTB",null,null,null,null,null,null,5,0,5,0,1,3,3,1.6666666666666667,"1 day","2025-04-17T08:00:00",{"$f":"Z42+X42","v":"2025-04-19"}]
["GEI","CH",null,null,"16P000882",null,"Rotating Machine 2",null,"Produced Water Treatment","Coupler 25 EST50  TBTB",null,null,null,null,null,null,2,0,2,0,1,3,3,0.66666666666666663,"29.75 days","2025-04-19",{"$f":"Z43+X43","v":"2025-04-19T16:00:00"}]
["GEI","CH","01B000629",216,"16P000882",null,"Rotating Machine 2",null,"GPC Alhamd Station","Coupler 80 EST32  TBTB",null,null,null,null,null,null,9,0,9,0,1,3,3,3,"6.88 days","2025-04-19T16:00:00",{"$f":"Z44+X44","v":"2025-04-22T16:00:00"}]
[null,null,null,null,null,null,null,null,null,null,null,null,null,null,null,null,{"$f":"SUM(Q30:Q44)","v":77},{"$f":"SUM(R30:R44)","v":0},{"$f":"SUM(S30:S44)","v":77},{"$f":"SUM(T30:T44)","v":0},null,null,null,{"$f":"SUM(X25:X44)","v":28.666666666666668},"327.96 days",{"$f":"Z2","v":"2025-03-25"},{"$f":"Z45+X45","v":"2025-04-22T16:00:00"}]
[null,null,null,null,null,null,"Rotating Machine 3 (3 Shift)","Rotating Machine 2 (3 Shift)","ELBOWS (150 Ø-250Ø) - "]
[]
[null,"CA",null,null,"40M001333",null,"Rotating Machine 3",null,"Linde - Wesseling_14","Elb 150R1.5/90 EST20  TBTB",null,null,null,null,null,null,70,66,{"$f":"Q48-R48","v":4},0,2,3,{"$f":"U48*V48","v":6},{"$f":"S48/W48","v":0.66666666666666663},"16 days",{"$f":"Z2","v":"2025-03-25"},{"$f":"Z48+X48","v":"2025-03-25T16:00:00"}]
[null,"CA",null,null,"40M001333",null,"Rotating Machine 3",null,"Linde - Wesseling_14","Elb 200R1.0/90 EST20  TBTB",null,null,null,null,null,null,30,15,15,0,2,3,6,2.5,"16 days",{"$f":"AA48","v":"2025-03-25T16:00:00"},{"$f":"Z49+X49","v":"2025-03-28T04:00:00"}]
[null,"CA",null,null,"40M001333",null,"Rotating Machine 3",null,"Linde - Wesseling_14","Elb 250R1.0/90 EST16  TBTB",null,null,null,null,null,null,2,0,2,0,1,3,3,0.66666666666666663,"16 days",{"$f":"AA49","v":"2025-03-28T04:00:00"},{"$f":"Z50+X50","v":"2025-03-28T20:00:00"}]
[null,"CA",null,null,"40P000351",null,"Rotating Machine 3",null,"Chantiers E35","Elb 150R1.5/90 EMT50/16  CBCB",null,null,null,null,null,null,1,0,1,0,2,3,6,0.16666666666666666,"16 days","2025-03-28T20:00:00",{"$f":"Z51+X51","v":"2025-03-29"}]
[null,"CA",null,null,"40P000351",null,"Rotating Machine 3",null,"Chantiers E35","Elb 200R1.5/90 EMT20/10  CBCB",null,null,null,null,null,null,1,0,1,0,1,3,3,0.33333333333333331,"16 days","2025-03-29",{"$f":"Z52+X52","v":"2025-03-29T08:00:00"}]
["GEI","CH","01B000865",32,"16P000834",null,"Rotating Machine 3",null,"Agiba","Elbow 250R1.5/90° (Molded) EST20 Bar  TBTB",null,null,null,null,null,null,10,0,{"$f":"Q53-R53","v":10},0,2,3,{"$f":"U53*V53","v":6},{"$f":"S53/W53","v":1.6666666666666667},"1.6 days","2025-03-29T08:00:00",{"$f":"Z53+X53","v":"2025-03-31"}]
["GEI","CH","01B000906",242,"16P000834",null,"Rotating Machine 3",null,"Agiba","Elbow 250R1.5/45° (Molded) EST25 Bar  TBTB",null,null,null,null,null,null,6,0,6,0,2,3,6,1,"16 days","2025-03-31",{"$f":"Z54+X54","v":"2025-04-01"}]
["GEI","CH","01B001022",28,"16P000641",null,"Rotating Machine 3",null,"Supply &install GRE Connection","Elbow 150R1.5/90° (Molded) EST20 Bar  TBTB",null,null,null,null,null,null,4,0,4,0,3,3,9,0.44444444444444442,"1 day","2025-04-01",{"$f":"Z55+X55","v":"2025-04-01T10:40:00"}]
["GEI","CH","01B001022",29,"16P000882",null,"Rotating Machine 3",null,"GPC Alhamd Station","Elb 200R1.5/45 EST20  TBTB",null,null,null,null,null,null,2,0,2,0,3,3,9,0.22222222222222221,"8.5 days","2025-04-01T10:40:00",{"$f":"Z56+X56","v":"2025-04-01T16:00:00"}]
["GEI","CH","01B001022",30,"16P000882",null,"Rotating Machine 3",null,"Produced Water Treatment","Elb 250R1.5/45 EST16  TBTB",null,null,null,null,null,null,2,0,2,0,2,3,6,0.33333333333333331,"1 day","2025-04-01T16:00:00",{"$f":"Z57+X57","v":"2025-04-02"}]
["GEI","CH","01B001033",22,"16P000882",null,"Rotating Machine 3",null,"GPC Alhamd Station","Elb 200R1.5/90 EST20  TBTB",null,null,null,null,null,null,41,0,41,0,3,3,9,4.5555555555555554,"0.4 days","2025-04-02",{"$f":"Z58+X58","v":"2025-04-06T13:20:00"}]
["GEI","CH","01B001033",24,"16P000882",null,"Rotating Machine 3",null,"GPC Alhamd Station","Elb 150R1.5/45 EST20  TBTB",null,null,null,null,null,null,2,0,2,0,3,3,9,0.22222222222222221,"0.4 days","2025-04-06T13:20:00",{"$f":"Z59+X59","v":"2025-04-06T18:40:00"}]
["GEI","CH","01B001048",61,"16P000882",null,"Rotating Machine 3",null,"GPC Alhamd Station","Elb 250R1.5/90 EST16  TBTB",null,null,null,null,null,null,25,0,25,0,2,3,6,4.166666666666667,"0.4 days","2025-04-06T18:40:00",{"$f":"Z60+X60","v":"2025-04-10T22:40:00"}]
["GEI","CH","01B001052",28,"16P000882",null,"Rotating Machine 3",null,"GPC Alhamd Station","Elb 150R1.5/90 EST20  TBTB",null,null,null,null,null,null,32,0,32,0,3,3,9,3.5555555555555554,"0.2 days","2025-04-10T22:40:00",{"$f":"Z61+X61","v":"2025-04-14T12:00:00"}]
[null,null,null,null,null,null,null,null,null,null,null,null,null,null,null,null,{"$f":"SUM(Q53:Q61)","v":124},{"$f":"SUM(R53:R61)","v":0},{"$f":"SUM(S53:S61)","v":124},{"$f":"SUM(T53:T61)","v":0},null,null,null,{"$f":"SUM(X48:Y61)","v":20.5},"327.96 days",{"$f":"Z2","v":"2025-03-25"},{"$f":"Z62+X62","v":"2025-04-14T12:00:00"}]
[null,null,null,null,null,null,"Rotating Machine 4  (3 Shift)","Rotating Machine 2 (3 Shift)","ELBOWS (300 Ø-400Ø) - "]
[]
[null,"CA",null,null,"40M001333",null,"Rotating Machine 4  ",null,"Linde - Wesseling_14","Elb 300R1.0/90 EST16  TBTB",null,null,null,null,null,null,30,12,18,null,1,3,{"$f":"U65*V65","v":3},{"$f":"S65/W65","v":6},"2 days",{"$f":"Z2","v":"2025-03-25"},{"$f":"Z65+X65","v":"2025-03-31"}]
[null,"CA",null,null,"40M001333",null,"Rotating Machine 4  ",null,"Linde - Wesseling_14","Elb 350R1.0/90 EST16  TBTB",null,null,null,null,null,null,10,9,1,null,1,3,3,{"$f":"S66/W66","v":0.33333333333333331},"2 days",{"$f":"AA65","v":"2025-03-31"},{"$f":"Z66+X66","v":"2025-03-31T08:00:00"}]
[null,"CA",null,null,"40M001333",null,"Rotating Machine 4  ",null,"Linde - Wesseling_14","Elb 400R1.5/90 EST16  TBTB",null,null,null,null,null,null,10,6,4,null,1,3,{"$f":"U67*V67","v":3},1.3333333333333333,"2 days",{"$f":"AA66","v":"2025-03-31T08:00:00"},{"$f":"Z67+X67","v":"2025-04-01T16:00:00"}]
[null,"CA",null,null,"40P000304",null,"Rotating Machine 4  ",null,"6331","Elb 400R1.5/15 EST8  CBCB",null,null,null,null,null,null,1,0,1,null,1,3,3,0.33333333333333331,"2 days","2025-04-01T16:00:00",{"$f":"Z68+X68","v":"2025-04-02"}]
["GEI ","CH","01R012504",1,"16P000849",null,"Rotating Machine 4  ",null,"Fertial Annaba- UAN ligne","Elbow 350R1.5/45° (Mitered) EST20 Bar  PLPL",null,null,null,null,null,null,30,0,{"$f":"Q69-R69","v":30},0,1,3,{"$f":"U69*V69","v":3},{"$f":"S69/W69","v":10},"2 days","2025-04-02",{"$f":"Z69+X69","v":"2025-04-12"}]
["GEI","CH","01B001033",23,"16P000882",null,"Rotating Machine 4  ",null,"GPC Alhamd Station","Elb 300R1.5/90 EST16  TBTB",null,null,null,null,null,null,26,0,26,0,2,3,6,4.333333333333333,"0.9 days","2025-04-12",{"$f":"Z70+X70","v":"2025-04-16T08:00:00"}]
[null,null,null,null,null,null,null,null,null,null,null,null,null,null,null,null,{"$f":"SUM(Q53:Q70)","v":355},{"$f":"SUM(R53:R70)","v":27},{"$f":"SUM(S53:S70)","v":328},{"$f":"SUM(T53:T70)","v":0},1,3,3,{"$f":"SUM(X65:X70)","v":22.333333333333332},null,{"$f":"Z2","v":"2025-03-25"},{"$f":"Z71+X71","v":"2025-04-16T08:00:00"}]
[null,null,null,null,null,null,"Rotating Machine 5  (3 Shift)","Rotating Machine 2 (3 Shift)","ELBOWS (450Ø-600Ø) - "]
["AUH",null,null,null,null,null,"Rotating Machine 5",null,null,null,"D65023190",null,null,null,null,null,0,0,{"$f":"Q73-R73","v":0},0,0,0,{"$f":"U73*V73","v":0},0,"0.5 days",{"$f":"#REF!","v":{"$error":"#REF!"}},{"$f":"Z73+X73","v":{"$error":"#REF!"}}]
["GEI",null,null,null,null,null,"Rotating Machine 5",null,null,null,"D65023435",null,null,null,null,null,0,0,0,0,0,0,0,0,"1 day",{"$f":"AA73","v":{"$error":"#REF!"}},{"$f":"Z74+X74","v":{"$error":"#REF!"}}]
[null,null,null,null,null,null,null,null,null,null,null,null,null,null,null,null,{"$f":"SUM(Q73:Q74)","v":0},{"$f":"SUM(R73:R74)","v":0},{"$f":"SUM(S73:S74)","v":0},{"$f":"SUM(T73:T74)","v":0},null,null,null,{"$f":"SUM(X73:X74)","v":0},"226.5 days",{"$f":"Z2","v":"2025-03-25"},{"$f":"Z75+X75","v":"2025-03-25"}]
[null,null,null,null,null,null,"Rotating Machine 6 (3 Shift)","Rotating Machine 2 (3 Shift)","Tees  ( 25 Ø-200 Ø) "]
[]
[null,"CA",null,null,"40P000358",null,"Rotating Machine 6 ",null,"B107/2 Vessel","Tee 100x65 EMT50/16  CBCB",null,null,null,null,null,null,1,0,1,null,1,3,{"$f":"U78*V78","v":3},{"$f":"S78/W78","v":0.33333333333333331},"2 days",{"$f":"Z2","v":"2025-03-25"},{"$f":"Z78+X78","v":"2025-03-25T08:00:00"}]
[null,"CA",null,null,"40P000358",null,"Rotating Machine 6 ",null,"B107/2 Vessel","Tee 65x65 EMT50/16  CBCB",null,null,null,null,null,null,2,0,2,null,1,3,{"$f":"U79*V79","v":3},{"$f":"S79/W79","v":0.66666666666666663},"0.75 days",{"$f":"AA78","v":"2025-03-25T08:00:00"},{"$f":"Z79+X79","v":"2025-03-26"}]
[null,"CA",null,null,"40P000356",null,"Rotating Machine 6 ",null,"B107/1Vessel","Tee 100x100 EMT50/16  CBCB",null,null,null,null,null,null,10,3,7,null,1,3,3,2.3333333333333335,"0.75 days",{"$f":"AA79","v":"2025-03-26"},{"$f":"Z80+X80","v":"2025-03-28T08:00:00"}]
[null,"CA",null,null,"40P000356",null,"Rotating Machine 6 ",null,"B107/1Vessel","Tee 100x65 EMT50/16  CBCB",null,null,null,null,null,null,1,0,1,null,1,3,3,0.33333333333333331,"0.75 days","2025-03-28T08:00:00",{"$f":"Z81+X81","v":"2025-03-28T16:00:00"}]
["2025-03-30","CH",null,null,"16P000744",null,"Rotating Machine 6 ",null,"Ohaji South Project","Tee 80x50 EST32 Bar  TBTB",null,null,null,null,null,null,6,0,{"$f":"Q82-R82","v":6},0,1,3,3,2,"0.75 days","2025-03-28T16:00:00",{"$f":"Z82+X82","v":"2025-03-30T16:00:00"}]
["GEI","CH",null,null,"16P000744",null,"Rotating Machine 6 ",null,"Ohaji South Project","Tee 80x25 EST32 Bar  TBTB",null,null,null,null,null,null,3,0,{"$f":"Q83-R83","v":3},0,1,3,3,1,"7 days","2025-03-30T16:00:00",{"$f":"Z83+X83","v":"2025-03-31T16:00:00"}]
["2025-06-30","CH",null,null,"16P000744",null,"Rotating Machine 6 ",null,"Ohaji South Project","Tee 100x100 EST25 Bar  TBTB",null,null,null,null,null,null,5,0,5,0,1,3,3,1.6666666666666667,"0.25 days","2025-03-31T16:00:00",{"$f":"Z84+X84","v":"2025-04-02T08:00:00"}]
["2025-06-30","CH",null,null,"16P000744",null,"Rotating Machine 6 ",null,"Ohaji South Project","Tee 100x80 EST25 Bar  TBTB",null,null,null,null,null,null,1,0,1,0,1,3,3,0.33333333333333331,"0.25 days","2025-04-02T08:00:00",{"$f":"Z85+X85","v":"2025-04-02T16:00:00"}]
["GEI","CH",null,null,"16P000744",null,"Rotating Machine 6 ",null,"Ohaji South Project","Tee 80x80 EST32 Bar  TBTB",null,null,null,null,null,null,5,0,5,0,1,3,3,1.6666666666666667,"2.5 days","2025-04-02T16:00:00",{"$f":"Z86+X86","v":"2025-04-04T08:00:00"}]
["GEI","CH",null,null,"16P000641",null,"Rotating Machine 6 ",null,"Supply &install GRE Connection","Tee 150x100 EST20 Bar  TBTB",null,null,null,null,null,null,1,0,1,0,1,3,3,0.33333333333333331,"2.5 days","2025-04-04T08:00:00",{"$f":"Z87+X87","v":"2025-04-04T16:00:00"}]
["GEI","CH",null,null,"16P000882",null,"Rotating Machine 6 ",null,"GPC Alhamd Station","Tee 80x80 EST32  TBTB","Not to be released",null,null,null,null,null,1,0,1,0,1,3,3,0.33333333333333331,"0.5 days","2025-04-04T16:00:00",{"$f":"Z88+X88","v":"2025-04-05"}]
["GEI ","CH",null,null,"16P000882",null,"Rotating Machine 6 ",null,"GPC Alhamd Station","Tee 150x80 EST20  TBTB",null,null,null,null,null,null,2,0,2,0,1,3,3,0.66666666666666663,"1 day","2025-04-05",{"$f":"Z89+X89","v":"2025-04-05T16:00:00"}]
["GEI","CH",null,null,"16P000882",null,"Rotating Machine 6 ",null,"GPC Alhamd Station","Tee 200x200 EST20  TBTB",null,null,null,null,null,null,3,0,3,0,1,3,3,1,"2.25 days","2025-04-05T16:00:00",{"$f":"Z90+X90","v":"2025-04-06T16:00:00"}]
["GEI","CH",null,null,"16P000882",null,"Rotating Machine 6 ",null,"Produced Water Treatment","Tee 80x50 EST32  TBTB",null,null,null,null,null,null,15,0,15,0,1,3,3,5,"3.75 days","2025-04-06T16:00:00",{"$f":"Z91+X91","v":"2025-04-11T16:00:00"}]
["GEI","CH",null,null,"16P000882",null,"Rotating Machine 6 ",null,"Produced Water Treatment","Tee 200x80 EST20  TBTB",null,null,null,null,null,null,9,0,9,0,1,3,3,3,"2.25 days","2025-04-11T16:00:00",{"$f":"Z92+X92","v":"2025-04-14T16:00:00"}]
["GEI","CH",null,null,"16P000882",null,"Rotating Machine 6 ",null,"GPC Alhamd Station","Tee 150x150 EST20  TBTB",null,null,null,null,null,null,8,0,8,0,1,3,3,2.6666666666666665,"2.5 days","2025-04-14T16:00:00",{"$f":"Z93+X93","v":"2025-04-17T08:00:00"}]
["GEI","CH",null,null,"16P000882",null,"Rotating Machine 6 ",null,"GPC Alhamd Station","Tee 200x100 EST20  TBTB",null,null,null,null,null,null,7,0,7,0,1,3,3,2.3333333333333335,"2 days","2025-04-17T08:00:00",{"$f":"Z94+X94","v":"2025-04-19T16:00:00"}]
[null,null,null,null,null,null,null,null,null,null,null,null,null,null,null,null,{"$f":"SUM(Q78:Q94)","v":80},{"$f":"SUM(R78:R94)","v":3},{"$f":"SUM(S78:T94)","v":77},{"$f":"SUM(T79:T94)","v":0},null,null,null,{"$f":"SUM(X78:X94)","v":25.666666666666668},null,{"$f":"Z26","v":"2025-03-25T08:00:00"},{"$f":"Z95+X95","v":"2025-04-20"}]
[null,null,null,null,null,null,"Rotating Machine 7 (3 Shift)","Rotating Machine 2 (3 Shift)","Tees  ( 250 Ø- 600 Ø) "]
[]
[null,"CA",null,null,"40P000351",null,"Rotating Machine 7  ",null,"Chantiers E35","Tee 250x150 EMT20/10  CBCB",null,null,null,null,null,null,1,0,1,null,1,3,{"$f":"U98*V98","v":3},{"$f":"S98/W98","v":0.33333333333333331},"0.25 days",{"$f":"Z2","v":"2025-03-25"},{"$f":"Z98+X98","v":"2025-03-25T08:00:00"}]
["AUH","CH",null,null,"16P000882",null,"Rotating Machine 7  ",null,"Produced Water Treatment","Tee 250x80 EST16  TBTB",null,null,null,null,null,null,8,0,{"$f":"Q99-R99","v":8},0,1,3,{"$f":"U99*V99","v":3},{"$f":"S99/W99","v":2.6666666666666665},"0.25 days",{"$f":"AA98","v":"2025-03-25T08:00:00"},{"$f":"Z99+X99","v":"2025-03-28"}]
["GEI","CH",null,null,"16P000882",null,"Rotating Machine 7  ",null,"GPC Alhamd Station","Tee 300x200 EST16  TBTB",null,null,null,null,null,null,10,0,{"$f":"Q100-R100","v":10},0,1,3,{"$f":"U100*V100","v":3},3.3333333333333335,"1.5 days",{"$f":"AA99","v":"2025-03-28"},{"$f":"Z100+X100","v":"2025-03-31T08:00:00"}]
["GEI","CH",null,null,"16P000882",null,"Rotating Machine 7  ",null,"Produced Water Treatment","Tee 250x200 EST16  TBTB",null,null,null,null,null,null,2,0,2,0,1,3,3,0.66666666666666663,"0.25 days","2025-03-31T08:00:00",{"$f":"Z101+X101","v":"2025-04-01"}]
["GEI","CH",null,null,"16P000882",null,"Rotating Machine 7  ",null,"GPC Alhamd Station","Tee 300x150 EST16  TBTB",null,null,null,null,null,null,3,0,3,0,1,3,3,1,"0.25 days","2025-04-01",{"$f":"Z102+X102","v":"2025-04-02"}]
["GEI","CH",null,null,"16P000882",null,"Rotating Machine 7  ",null,"Produced Water Treatment","Tee 300x250 EST16  TBTB",null,null,null,null,null,null,1,0,1,0,1,3,3,0.33333333333333331,"1.75 days","2025-04-02",{"$f":"Z103+X103","v":"2025-04-02T08:00:00"}]
["GEI","CH",null,null,"16P000882",null,"Rotating Machine 7  ",null,"GPC Alhamd Station","Tee 250x250 EST16  TBTB",null,null,null,null,null,null,11,0,11,0,1,3,3,3.6666666666666665,"3.5 days","2025-04-02T08:00:00",{"$f":"Z104+X104","v":"2025-04-06"}]
["GEI","CH",null,null,"16P000882",null,"Rotating Machine 7  ",null,"GPC Alhamd Station","Tee 300x300 EST16  TBTB",null,null,null,null,null,null,4,0,4,0,1,3,3,1.3333333333333333,"22.25 days","2025-04-06",{"$f":"Z105+X105","v":"2025-04-07T08:00:00"}]
[null,null,null,null,null,null,null,null,null,null,null,96.18,0,null,null,null,{"$f":"SUM(Q98:Q105)","v":40},{"$f":"SUM(R98:R105)","v":0},40,0,null,null,null,{"$f":"SUM(X98:X105)","v":13.333333333333334},"168.92 days",{"$f":"Z2","v":"2025-03-25"},{"$f":"Z106+X106","v":"2025-04-07T08:00:00"}]
[null,null,null,null,null,null,"Rotating Machine 8 (3 Shift)","Rotating Machine 2 (3 Shift)","Flanges  (25Ø-250Ø) - ",null,null,78.97,0]
[]
[null,"CA",null,null,"40M001333",null,"Rotating Machine 8",null,"Linde - Wesseling_14","FL  50 EST40 FLTB PN40",null,null,null,null,null,null,60,55,{"$f":"Q109-R109","v":5},null,3,3,{"$f":"U109*V109","v":9},{"$f":"S109/W109","v":0.55555555555555558},"0.17 days",{"$f":"Z2","v":"2025-03-25"},{"$f":"Z109+X109","v":"2025-03-25T13:20:00"}]
[null,"CA",null,null,"40M001333",null,"Rotating Machine 8",null,"Linde - Wesseling_14","FL  150 EST20 FLTB PN16",null,null,null,null,null,null,110,57,53,null,3,3,{"$f":"U110*V110","v":9},{"$f":"S110/W110","v":5.8888888888888893},null,{"$f":"AA109","v":"2025-03-25T13:20:00"},{"$f":"Z110+X110","v":"2025-03-31T10:40:00"}]
[null,"CA",null,null,"40M001333",null,"Rotating Machine 8",null,"Linde - Wesseling_14","FL  200 EST20 FLTB PN16",null,null,null,null,null,null,40,36,4,null,3,3,9,0.44444444444444442,null,{"$f":"AA110","v":"2025-03-31T10:40:00"},{"$f":"Z111+X111","v":"2025-03-31T21:20:00"}]
[null,"CA",null,null,"40M001333",null,"Rotating Machine 8",null,"Linde - Wesseling_14","FL Blnd 80 EST32 FLFL PN40",null,null,null,null,null,null,50,0,50,null,10,3,30,1.6666666666666667,null,"2025-03-31T21:20:00",{"$f":"Z112+X112","v":"2025-04-02T13:20:00"}]
[null,"CA",null,null,"40M001333",null,"Rotating Machine 8",null,"Linde - Wesseling_14","FL  50 EST40 FLTB PN40",null,null,null,null,null,null,70,0,70,null,3,3,9,7.7777777777777777,null,"2025-04-02T13:20:00",{"$f":"Z113+X113","v":"2025-04-10T08:00:00"}]
[null,"CA",null,null,"40M001333",null,"Rotating Machine 8",null,"Linde - Wesseling_14","FL  80 EST32 FLTB PN40",null,null,null,null,null,null,120,10,110,null,3,3,9,12.222222222222221,null,"2025-04-10T08:00:00",{"$f":"Z114+X114","v":"2025-04-22T13:20:00"}]
[null,"CA",null,null,"40M001333",null,"Rotating Machine 8",null,"Linde - Wesseling_14","FL  150 EST20 FLTB PN16",null,null,null,null,null,null,140,0,140,null,3,3,9,15.555555555555555,null,"2025-04-22T13:20:00",{"$f":"Z115+X115","v":"2025-05-08T02:40:00"}]
[null,"CA",null,null,"40M001333",null,"Rotating Machine 8",null,"Linde - Wesseling_14","FL  200 EST20 FLTB PN16",null,null,null,null,null,null,20,0,20,null,3,3,9,2.2222222222222223,null,"2025-05-08T02:40:00",{"$f":"Z116+X116","v":"2025-05-10T08:00:00"}]
[null,"CA",null,null,"40M001333",null,"Rotating Machine 8",null,"Linde - Wesseling_14","FL  250 EST16 FLTB PN16",null,null,null,null,null,null,10,8,2,null,3,3,9,0.22222222222222221,null,"2025-05-10T08:00:00",{"$f":"Z117+X117","v":"2025-05-10T13:20:00"}]
[null,"CA",null,null,"40P000358",null,"Rotating Machine 8",null,"B107/2 Vessel","FL  100 EMT50/16 FLCB PN16",null,null,null,null,null,null,48,9,39,null,3,3,9,4.333333333333333,null,"2025-05-10T13:20:00",{"$f":"Z118+X118","v":"2025-05-14T21:20:00"}]
[null,"CA",null,null,"40P000358",null,"Rotating Machine 8",null,"B107/2 Vessel","FL  65 EMT516 FLCB spec.",null,null,null,null,null,null,7,5,2,null,3,3,9,0.22222222222222221,null,"2025-05-14T21:20:00",{"$f":"Z119+X119","v":"2025-05-15T02:40:00"}]
[null,"CA",null,null,"40P000356",null,"Rotating Machine 8",null,"B107/1Vessel","FL  100 EMT50/16 FLCB PN16",null,null,null,null,null,null,48,0,48,null,3,3,9,5.333333333333333,null,"2025-05-15T02:40:00",{"$f":"Z120+X120","v":"2025-05-20T10:40:00"}]
[null,"CA",null,null,"40P000356",null,"Rotating Machine 8",null,"B107/1Vessel","FL  65 EMT516 FLCB spec.",null,null,null,null,null,null,7,0,7,null,3,3,9,0.77777777777777779,null,"2025-05-20T10:40:00",{"$f":"Z121+X121","v":"2025-05-21T05:20:00"}]
[null,"CA",null,null,"40P000351",null,"Rotating Machine 8",null,"Chantiers E35","FL Stub 200 EMT20/10 FLCB PN10",null,null,null,null,null,null,1,0,1,null,3,3,9,0.1111111111111111,null,"2025-05-21T05:20:00",{"$f":"Z122+X122","v":"2025-05-21T08:00:00"}]
[null,"CA",null,null,"40P000351",null,"Rotating Machine 8",null,"Chantiers E35","FL Stub 250 EMT20/10 FLCB PN10",null,null,null,null,null,null,1,0,1,null,3,3,9,0.1111111111111111,null,"2025-05-21T08:00:00",{"$f":"Z123+X123","v":"2025-05-21T10:40:00"}]
[null,"CH",null,null,"16P000834",null,"Rotating Machine 8",null,"Agiba","Flange  250 EST20 Bar FLTB ASA 150",null,null,null,null,null,null,10,0,{"$f":"Q124-R124","v":10},0,3,3,{"$f":"U124*V124","v":9},{"$f":"S124/W124","v":1.1111111111111112},"0.17 days","2025-05-21T10:40:00",{"$f":"Z124+X124","v":"2025-05-22T13:20:00"}]
[null,"CH",null,null,"16P000820",null,"Rotating Machine 8",null,"Desalination Plant El Alamein","FL 150 EST20 FLPL PN10",null,null,null,null,null,null,5,0,{"$f":"Q125-R125","v":5},0,3,3,{"$f":"U125*V125","v":9},{"$f":"S125/W125","v":0.55555555555555558},"0.17 days","2025-05-22T13:20:00",{"$f":"Z125+X125","v":"2025-05-23T02:40:00"}]
[null,"CH",null,null,"16P000820",null,"Rotating Machine 8",null,"Desalination Plant El Alamein","FL 250 EST12.5 FLPL PN10",null,null,null,null,null,null,6,0,6,0,3,3,9,0.66666666666666663,"0.17 days","2025-05-23T02:40:00",{"$f":"Z126+X126","v":"2025-05-23T18:40:00"}]
[null,"CH",null,null,"16P000744",null,"Rotating Machine 8",null,"Ohaji South Project","Flange  50 EST40 Bar FLTB ASA 150",null,null,null,null,null,null,19,0,19,0,3,3,9,{"$f":"S127/W127","v":2.1111111111111112},"0.17 days","2025-05-23T18:40:00",{"$f":"Z127+X127","v":"2025-05-25T21:20:00"}]
[null,"CH",null,null,"16P000744",null,"Rotating Machine 8",null,"Ohaji South Project","Flange  100 EST25 Bar FLTB ASA 150",null,null,null,null,null,null,14,0,14,0,3,3,9,1.5555555555555556,"0.17 days","2025-05-25T21:20:00",{"$f":"Z128+X128","v":"2025-05-27T10:40:00"}]
[null,"CH",null,null,"16P000744",null,"Rotating Machine 8",null,"Ohaji South Project","Flange Blind 50 EST32 Bar FLFL ASA 150",null,null,null,null,null,null,1,0,1,0,3,3,9,0.1111111111111111,"0.17 days","2025-05-27T10:40:00",{"$f":"Z129+X129","v":"2025-05-27T13:20:00"}]
[null,"CH",null,null,"16P000744",null,"Rotating Machine 8",null,"Ohaji South Project","Flange Blind 25 EST32 Bar FLFL ASA 150",null,null,null,null,null,null,8,0,8,0,3,3,9,0.88888888888888884,"0.17 days","2025-05-27T13:20:00",{"$f":"Z130+X130","v":"2025-05-28T10:40:00"}]
[null,"CH",null,null,"16P000744",null,"Rotating Machine 8",null,"Ohaji South Project","Flange  80 EST32 Bar FLTB ASA 150",null,null,null,null,null,null,29,0,29,0,3,3,9,3.2222222222222223,"0.17 days","2025-05-28T10:40:00",{"$f":"Z131+X131","v":"2025-05-31T16:00:00"}]
[null,"CH",null,null,"16P000744",null,"Rotating Machine 8",null,"Ohaji South Project","Flange  25 EST50 Bar FLTB ASA 150",null,null,null,null,null,null,4,0,4,0,3,3,9,0.44444444444444442,"0.17 days","2025-05-31T16:00:00",{"$f":"Z132+X132","v":"2025-06-01T02:40:00"}]
[null,"CH",null,null,"16P000641",null,"Rotating Machine 8",null,"Supply &install GRE Connection","Flange  150 EST20 Bar FLTB ASA 150",null,null,null,null,null,null,2,0,2,0,3,3,9,0.22222222222222221,"0.17 days","2025-06-01T02:40:00",{"$f":"Z133+X133","v":"2025-06-01T08:00:00"}]
[null,"CH",null,null,"16P000882",null,"Rotating Machine 8",null,"GPC Alhamd Station","FL Blnd 80 EST32 FLFL AS150",null,null,null,null,null,null,2,0,2,0,3,3,9,0.22222222222222221,"0.17 days","2025-06-01T08:00:00",{"$f":"Z134+X134","v":"2025-06-01T13:20:00"}]
[null,"CH",null,null,"16P000882",null,"Rotating Machine 8",null,"Produced Water Treatment","FL Blnd 200 EST16 FLFL AS150",null,null,null,null,null,null,1,0,1,0,3,3,9,0.1111111111111111,"0.17 days","2025-06-01T13:20:00",{"$f":"Z135+X135","v":"2025-06-01T16:00:00"}]
[null,"CH",null,null,"16P000882",null,"Rotating Machine 8",null,"Produced Water Treatment","FL Blnd 250 EST16 FLFL AS150",null,null,null,null,null,null,4,0,4,0,3,3,9,0.44444444444444442,"0.17 days","2025-06-01T16:00:00",{"$f":"Z136+X136","v":"2025-06-02T02:40:00"}]
[null,"CH",null,null,"16P000882",null,"Rotating Machine 8",null,"GPC Alhamd Station","FL Blnd 150 EST20 FLFL AS150",null,null,null,null,null,null,1,0,1,0,3,3,9,0.1111111111111111,"0.17 days","2025-06-02T02:40:00",{"$f":"Z137+X137","v":"2025-06-02T05:20:00"}]
[null,"CH",null,null,"16P000882",null,"Rotating Machine 8",null,"GPC Alhamd Station","FL  200 EST16 FLTB AS150",null,null,null,null,null,null,109,0,109,0,3,3,9,12.111111111111111,"0.17 days","2025-06-02T05:20:00",{"$f":"Z138+X138","v":"2025-06-14T08:00:00"}]
[null,"CH",null,null,"16P000882",null,"Rotating Machine 8",null,"GPC Alhamd Station","FL  50 EST40 FLTB AS150",null,null,null,null,null,null,66,0,66,0,3,3,9,7.333333333333333,"0.17 days","2025-06-14T08:00:00",{"$f":"Z139+X139","v":"2025-06-21T16:00:00"}]
[null,"CH",null,null,"16P000882",null,"Rotating Machine 8",null,"GPC Alhamd Station","FL  150 EST20 FLTB AS150",null,null,null,null,null,null,57,0,57,0,3,3,9,6.333333333333333,"0.17 days","2025-06-21T16:00:00",{"$f":"Z140+X140","v":"2025-06-28"}]
[null,"CH",null,null,"16P000882",null,"Rotating Machine 8",null,"GPC Alhamd Station","FL  250 EST16 FLTB AS150",null,null,null,null,null,null,96,0,96,0,3,3,9,10.666666666666666,"0.17 days","2025-06-28",{"$f":"Z141+X141","v":"2025-07-08T16:00:00"}]
[null,"CH",null,null,"16P000882",null,"Rotating Machine 8",null,"GPC Alhamd Station","FL 80 EST32 FLTB AS150",null,null,null,null,null,null,70,0,70,0,3,3,9,7.7777777777777777,"0.17 days","2025-07-08T16:00:00",{"$f":"Z142+X142","v":"2025-07-16T10:40:00"}]
[null,"CH",null,null,"16P000882",null,"Rotating Machine 8",null,"GPC Alhamd Station","FL  100 EST25 FLTB AS150",null,null,null,null,null,null,15,0,15,0,3,3,9,1.6666666666666667,"0.17 days","2025-07-16T10:40:00",{"$f":"Z143+X143","v":"2025-07-18T02:40:00"}]
[null,"CH",null,null,"16P000882",null,"Rotating Machine 8",null,"GPC Alhamd Station","FL  25 EST50 FLTB AS150",null,null,null,null,null,null,45,0,45,0,3,3,9,5,"0.17 days","2025-07-18T02:40:00",{"$f":"Z144+X144","v":"2025-07-23T02:40:00"}]
[null,"CH",null,null,"16P000882",null,"Rotating Machine 8",null,"GPC Alhamd Station","FL Blnd 25 EST32 FLFL AS150",null,null,null,null,null,null,21,0,21,0,3,3,9,2.3333333333333335,"0.17 days","2025-07-23T02:40:00",{"$f":"Z145+X145","v":"2025-07-25T10:40:00"}]
[null,null,null,null,null,null,null,null,null,null,null,null,null,null,null,null,{"$f":"SUM(Q109:Q145)","v":1317},{"$f":"SUM(R109:R145)","v":180},{"$f":"SUM(S109:S145)","v":1137},{"$f":"SUM(T109:T145)","v":0},null,null,null,{"$f":"SUM(X109:X145)","v":122.44444444444447},null,{"$f":"Z2","v":"2025-03-25"},{"$f":"Z146+X146","v":"2025-07-25T10:40:00"}]
[null,null,null,null,null,null,"Rotating Machine 9(3 Shift)","Rotating Machine 2 (3 Shift)","Flanges  (300 Ø-600Ø) - ",null,null,null,0]
[]
[null,"CA",null,null,"40M001333",null,"Rotating Machine 9 ",null,"Linde - Wesseling_14","FL  300 EST16 FLTB PN16",null,null,null,null,null,null,10,2,8,null,1,3,{"$f":"U149*V149","v":3},{"$f":"S149/W149","v":2.6666666666666665},"4.36 days",{"$f":"Z2","v":"2025-03-25"},{"$f":"Z149+X149","v":"2025-03-27T16:00:00"}]
[null,"CA",null,null,"40M001333",null,"Rotating Machine 9 ",null,"Linde - Wesseling_14","FL  400 EST16 FLTB PN16",null,null,null,null,null,null,10,7,3,null,1,3,{"$f":"U150*V150","v":3},{"$f":"S150/W150","v":1},"4.36 days",{"$f":"AA149","v":"2025-03-27T16:00:00"},{"$f":"Z150+X150","v":"2025-03-28T16:00:00"}]
[null,"CA",null,null,"40P000304",null,"Rotating Machine 9 ",null,"6331","FL  300 EST12.5 FLCB PN6",null,null,null,null,null,null,1,0,1,null,1,3,3,0.33333333333333331,"4.36 days",{"$f":"AA150","v":"2025-03-28T16:00:00"},{"$f":"Z151+X151","v":"2025-03-29"}]
["AUH","CH","01E012173",3,"16P000849","2025-01-30","Rotating Machine 9 ",null,"Fertial Annaba- UAN ligne","Flange STD 350 EST20 Bar FLCB PN 10","D65022977",null,null,null,null,null,20,0,{"$f":"Q152-R152","v":20},0,1,3,{"$f":"U152*V152","v":3},{"$f":"S152/W152","v":6.666666666666667},"4.36 days","2025-03-29",{"$f":"Z152+X152","v":"2025-04-04T16:00:00"}]
["AUH","CH","01E012173",1,"16P000820","2025-02-05","Rotating Machine 9 ",null,"Desalination Plant El Alamein","FL 300 EST12.5 FLPL PN10","D65022986",null,null,null,null,null,3,0,{"$f":"Q153-R153","v":3},0,1,3,{"$f":"U153*V153","v":3},{"$f":"S153/W153","v":1},"2.86 days","2025-04-04T16:00:00",{"$f":"Z153+X153","v":"2025-04-05T16:00:00"}]
["AUH","CH","01E012173",4,"16P000882","2025-02-07","Rotating Machine 9 ",null,"Produced Water Treatment","FL Blnd 300 EST16 FLFL AS150","D65022988",null,null,null,null,null,6,0,6,0,1,3,3,2,"5.71 days","2025-04-05T16:00:00",{"$f":"Z154+X154","v":"2025-04-07T16:00:00"}]
["AUH","CH","01E012173",4,"16P000882","2025-02-20","Rotating Machine 9 ",null,"GPC Alhamd Station","FL  300 EST16 FLTB AS150","D65022989",null,null,null,null,null,43,0,43,0,1,3,3,14.333333333333334,"7.14 days","2025-04-07T16:00:00",{"$f":"Z155+X155","v":"2025-04-22"}]
[null,null,null,null,null,null,null,null,null,null,null,null,null,null,null,null,{"$f":"SUM(Q149:Q155)","v":93},{"$f":"SUM(R149:R155)","v":9},{"$f":"SUM(S149:S155)","v":84},{"$f":"SUM(T149:T155)","v":0},1,3,3,{"$f":"SUM(X149:X155)","v":28},null,{"$f":"Z2","v":"2025-03-25"},{"$f":"Z156+X156","v":"2025-04-22"}]